| 000 | 00527nam a2200169 i 4500 | ||
|---|---|---|---|
| 001 | 50824 | ||
| 003 | ES-MaACL | ||
| 005 | 20230906162238.0 | ||
| 007 | t| | ||
| 008 | 030908s1977 sp ||||1| spa d | ||
| 100 | 1 |
_aCurle, Adam. _942222 |
|
| 245 | 1 | 0 |
_aEstrategia educativa, para sociedades en vía de desarrollo / _cAdam Curle ; [versión de Antonio Martínez Riu]. |
| 260 |
_aBarcelona : _bHerder, _c1977. |
||
| 300 |
_a194 p. ; _c22 cm. |
||
| 700 | 1 |
_aMartínez Riu, Antonio. _978364 |
|
| 852 |
_aES-MaACL _jA-7340 _bR.96279 |
||
| 999 |
_c50824 _d50824 |
||